[Event "Bled op-B 25th"]
[Site "Bled"]
[Date "2008.03.01"]
[Round "9"]
[White "Egart, Janez"]
[Black "Ravnik, Franc"]
[Result "1/2-1/2"]
[WhiteElo "1765"]
[BlackElo "2000"]
[PlyCount "99"]
[EventDate "2008.02.23"]
[EventType "swiss"]
[EventRounds "9"]
[EventCountry "SLO"]
[SourceTitle "CBM 122 Extra"]
[Source "ChessBase"]
[SourceDate "2008.03.04"]
[SourceVersion "1"]
[SourceVersionDate "2008.03.04"]
[SourceQuality "1"]

1. d4 d5 2. Nf3 Nf6 3. g3 g6 4. Bg2 Bg7 5. 0-0 Ne4 6. Ng5 f5 7. Nc3 Nxc3 8. bxc3 c6 9. Qd3 0-0 10. Bf4 e6 11. Qe3 Qe7 12. h4 h6 13. Nf3 Kh7 14. Bxb8 Rxb8 15. Rfb1 Qc7 16. Ne5 Bxe5 17. dxe5 b6 18. f4 Ba6 19. Kf2 Qe7 20. a4 Bc4 21. Rb2 Rf7 22. Qd2 Rbf8 23. e3 Rg7 24. Bf3 Rh8 25. Be2 Bxe2 26. Qxe2 g5 27. hxg5 hxg5 28. Rh1+ Kg8 29. Rxh8+ Kxh8 30. Rb1 Rh7 31. Kg2 g4 32. Rh1 Rxh1 33. Kxh1 Qh7+ 34. Qh2 Qxh2+ 35. Kxh2 Kg7 36. Kg2 Kf7 37. Kf2 Ke7 38. Ke2 c5 39. Kd2 Kd7 40. c4 dxc4 41. Kc3 Kc6 42. Kxc4 a6 43. Kd3 b5 44. axb5+ axb5 45. e4 Kd7 46. Ke3 Ke7 47. Kd3 Kf7 48. Ke3 Ke8 49. Kd3 Kd7 50. Ke3 1/2-1/2

[Event "Bled op-B 25th"]
[Site "Bled"]
[Date "2008.02.27"]
[Round "6"]
[White "Egart, Janez"]
[Black "Muri, Emil"]
[Result "1/2-1/2"]
[WhiteElo "1765"]
[BlackElo "2024"]
[PlyCount "96"]
[EventDate "2008.02.23"]
[EventType "swiss"]
[EventRounds "9"]
[EventCountry "SLO"]
[SourceTitle "CBM 122 Extra"]
[Source "ChessBase"]
[SourceDate "2008.03.04"]
[SourceVersion "1"]
[SourceVersionDate "2008.03.04"]
[SourceQuality "1"]

1. d4 Nf6 2. c4 g6 3. Nc3 Bg7 4. Nf3 d6 5. g3 0-0 6. Bg2 Nc6 7. Bg5 a6 8. 0-0 h6 9. Bxf6 Bxf6 10. a3 Bg7 11. Nd5 Rb8 12. Rc1 Bg4 13. e3 e5 14. dxe5 Nxe5 15. h3 Nxf3+ 16. Bxf3 Bxh3 17. Re1 Bxb2 18. Rb1 Bg7 19. Bg4 Bxg4 20. Qxg4 b5 21. Nb4 bxc4 22. Qxc4 a5 23. Nc6 Rxb1 24. Rxb1 Qa8 25. Rb5 a4 26. Rb4 Kh7 27. Rxa4 d5 28. Qb5 Qc8 29. Qxd5 Qb7 30. Ra7 Qb1+ 31. Kg2 Qb2 32. a4 h5 33. Rxc7 Qf6 34. a5 h4 35. gxh4 Qxh4 36. Qf3 Qg5+ 37. Qg3 Qd5+ 38. Kh2 Qb5 39. Qh3+ Bh6 40. Rc8 Rxc8 41. Qxc8 Qh5+ 42. Qh3 Qb5 43. Qf3 Bg7 44. Kg2 Qg5+ 45. Kh2 Qb5 46. Qh3+ Bh6 47. Qd7 Bg7 48. Qc8 Be5+ 1/2-1/2